LEADER 01849nam a2200277 4500 001 000000335795 003 CaOOAMICUS 005 20230331142609.0 008 190805s17541770it 000 u lat r 040 $aSeMil$bita 100 11$aCominale, Celestino,$d<1722-1785>.$0(OLS)http://semarc/name/110047 245 00$aAnti-newtonianismi pars prima [-quarta]. Opera ac studio Caelestini Cominale m.d. in Regio Archi-Gymnasio Neapolitano philosophiae professoris. 264 1$aNeapoli :$bEx typographia Benedicti Gessari,$c1754-1770. 300 $a4 v. ;$c4° 500 $aMarca non controllata (Vulgo caeca vocor video sedacutius ipso) sui front. 500 $aIll. calcogr. di F. Cepparuli 500 $aIn Carlo Villani, Scrittori ed artisti pugliesi antichi, moderni e contemporanei, p. 275 l'opera risulta pubblicata in 4 v. con il tit. "Coelestini Cominale Antinewtonianismus in quo de coloribus systema ex propriis geometricae everitur" 700 1 $aCepparulli, Francesco,$c,$eincisore.$0(OLS)http://semarc/name/110048 700 1 $aGessari, Benedetto,$c.$0(OLS)http://semarc/name/3554 752 $aIT$dNapoli 774 0 $aCominale, Celestino <1722-1785>$tPars prima in qua Newtoni de coloribus systema ex propriis principis geometricae everitur, et nova de coloribus theoria luculentissimis experimentis demonstratur ...$dNeapoli : Ex typographia Benedicti Gessari, 1754.$w()335796 850 $aSeMil 852 $aSeMil$W1$xVenegono$y1$aVol. 1$B227664$CSeMilBibl$Z2$F227664 $8I 996 $6245$aAnti-newtonianismi pars prima [-quarta]. Opera ac studio Caelestini Cominale m.d. in Regio Archi-Gymnasio Neapolitano philosophiae professoris$9(OLS)http://semarc/title/425143 996 $6264$aNeapoli :$bEx typographia Benedicti Gessari$9(OLS)http://semarc/publisher/58433 LEADER 01574nam a2200289 i 4500 001 000000102703 003 CaOOAMICUS 005 20010802000000.0 008 010802s1899 it u000 u mul u 013 $a74856 040 $aSeMil$bita 110 0 $aBiblioteca Apostolica Vaticana.$0(OLS)http://semarc/name/101 245 10$aCatalogus Codicum Hagiographicorum graecorum Bibliothecae Vaticanae /$cediderunt Bollandiani Hagiographi ediderunt Pio Franchi de' Cavalieri di Vaticanae Bibliothecae. 260 $aBruxellis :$bApud Editores,$c1899. 300 $aVII, 323 p. ;$c25 cm. 490 0 $aSubsidia hagiographica ;$v7 650 4$aCittà del Vaticano - Biblioteca Apostolica Vaticana - Manoscritti - Cataloghi.$0(OLS)http://semarc/subject/18108 650 4$aAgiografia - Manoscritti - Cataloghi.$0(OLS)http://semarc/subject/226 650 4$aAgiografia - Scrittori greci - Bibliografia.$0(OLS)http://semarc/subject/307 650 4$aSanti - Biografie - Manoscritti - Cataloghi.$0(OLS)http://semarc/subject/227 700 1 $aFranchi de' Cavalieri, Pio,$d<1869-1960>.$0(OLS)http://semarc/name/9626 710 2 $aSociété des Bollandistes .$0(OLS)http://semarc/name/307 830 0$aSubsidia hagiographica ;$v7.$0(OLS)http://semarc/title/570 850 $aSeMil 852 $aSeMil$W1$xVenegono$y1$mSL1.S II 7$j59164$B59164$CSeMilBibl$Z2$F43388 $8I 996 $6245$aCatalogus Codicum Hagiographicorum graecorum Bibliothecae Vaticanae$9(OLS)http://semarc/title/149394 996 $6260$aBruxellis :$bApud Editores$9(OLS)http://semarc/publisher/44709